| 000 | 00563nam a22001817a 4500 | ||
|---|---|---|---|
| 999 |
_c196634 _d196634 |
||
| 005 | 20230818122731.0 | ||
| 010 | _aENG-137470 | ||
| 020 |
_c350.00 _a9788132105909 |
||
| 035 | _aEN-121002 | ||
| 037 | _bDBAD/PUB | ||
| 082 | _a324.2 | ||
| 100 | _aKelkar,Sanjeev | ||
| 245 |
_aLost years of the RSS / _cby Sanjeev Kelkar |
||
| 260 |
_aNew Delhi _bSage Publications India Pvt. Ltd. _c2011 |
||
| 270 |
_aB1/1-1 Mohan Cooperative Industrial Area Mathura Road _bNew Delhi _e110044 |
||
| 300 |
_a354p. _c22cm(pbk) |
||
| 942 |
_2ddc _cEN _mKEL _h324.2 |
||